MARC details
| 000 -CABECERA |
| campo de control de longitud fija |
01138nam a2200217 a 4500 |
| 001 - NÚMERO DE CONTROL |
| campo de control |
000026165 |
| 005 - FECHA Y HORA DE LA ÚLTIMA TRANSACCIÓN |
| campo de control |
20200930024346.0 |
| 008 - DATOS DE LONGITUD FIJA--INFORMACIÓN GENERAL |
| campo de control de longitud fija |
110303s2005 dr abc 000 0 spa d |
| 040 ## - FUENTE DE LA CATALOGACIÓN |
| Centro catalogador/agencia de origen |
DO-SdBNP |
| Lengua de catalogación |
spa |
| Centro/agencia transcriptor |
BNPHU |
| 082 ## - NÚMERO DE LA CLASIFICACIÓN DECIMAL DEWEY |
| Número de clasificación |
917.29602 |
| Número de documento/Ítem |
K84t |
| 100 1# - ENTRADA PRINCIPAL--NOMBRE DE PERSONA |
| Nombre de persona |
Kordas, Lubos |
| 9 (RLIN) |
53164 |
| 245 10 - MENCIÓN DE TÍTULO |
| Título |
Tesoros escondidos y perdidos en República Dominicana / |
| Mención de responsabilidad, etc. |
Lubos Kordas. |
| 260 ## - PUBLICACIÓN, DISTRIBUCIÓN, ETC. |
| Lugar de publicación, distribución, etc. |
[Santo Domingo] : |
| Nombre del editor, distribuidor, etc. |
Impr. Servicios Gráficos Hernández, |
| Fecha de publicación, distribución, etc. |
2005. |
| 300 ## - DESCRIPCIÓN FÍSICA |
| Extensión |
137 p. : |
| Otras características físicas |
il., mapas, retrs. ; |
| Dimensiones |
21 cm. |
| 504 ## - NOTA DE BIBLIOGRAFÍA, ETC. |
| Nota de bibliografía, etc. |
Bibliografía: p. 135 -136. |
| 505 0# - NOTA DE CONTENIDO CON FORMATO |
| Título |
La Española, el lugar de tesoros ocultos y perdidos -- |
| -- |
El tesoro del capitán William Kidd -- |
| -- |
Sir Henry Morgan y la Isla Saona -- |
| -- |
La flota perdida de Francisco Bobadilla -- |
| -- |
Oro y joyas de Roberto Cofresí -- |
| -- |
Tesoros perdidos en Montecristi -- |
| -- |
Misterioso cayo con tesoro de galeones -- |
| -- |
Submarino alemán con tesoros robados -- |
| -- |
Epílogo -- |
| -- |
Sobre el autor. |
| 590 ## - NOTA LOCAL (RLIN) |
| Nota local |
Inventariado, 2020/VM |
| 650 #4 - PUNTO DE ACCESO ADICIONAL DE MATERIA--TÉRMINO DE MATERIA |
| Término de materia o nombre geográfico como elemento de entrada |
Tesoros ocultos |
| Subdivisión geográfica |
República Dominicana |
| 9 (RLIN) |
53165 |
| 651 #4 - PUNTO DE ACCESO ADICIONAL DE MATERIA--NOMBRE GEOGRÁFICO |
| Nombre geográfico |
República Dominicana |
| Subdivisión general |
Descubrimiento Y Exploraciones |
| 9 (RLIN) |
53166 |
| 910 ## - DATOS DE OPCIÓN DEL USUARIO (OCLC) |
| Datos de opción del usuario |
Validado. Control de calidad EMS |